000
00256nam a22001217a 4500
008
170529b xxu||||| |||| 00| 0 eng d
041
_a
GER
080
_a
007
100
_a
27
101
_a
IM
245
_a
PROBLEME DER KYBERNETIK
_c
BAND
942
_2
udc
_c
BK
999
_c
14737
_d
14737